Normal view
MARC view
- Caron, Didier
Entry Nom personal
001 - NÚMERO DE CONTROL
- campo de control: 113483
003 - IDENTIFICADOR DEL NÚMERO DE CONTROL
- campo de control: OSt
005 - FECHA Y HORA DE LA ÚLTIMA TRANSACCIÓN
- campo de control: 20260225121722.0
008 - DATOS DE LONGITUD FIJA
- campo de control de longitud fija: 210812|| aca||aabn | a|a d
040 ## - FUENTE DE LA CATALOGACIÓN
- Centro catalogador/agencia de origen: OSt
- Centro/agencia transcriptor: OSt
100 ## - ENCABEZAMIENTO-NOMBRE DE PERSONA
- Nombre de persona: Caron, Didier
400 1# - TRAZADO DE VÉASE--NOMBRE DE PERSONA
- Nombre de persona: Caron, Didier,
- Fechas asociadas al nombre: 1963-
670 ## - FUENTE DE DATOS ENCONTRADOS
- Cita de la fuente: Work cat.: (OSt)112874: Caron, Didier, Un Vrai bonheur /


